• Gamo, Mariano,

di Personal Name

Records bibliografici associati: 1

001 - CONTROL NUMBER

  • control field: 6500

003 - CONTROL NUMBER IDENTIFIER

  • control field: IT-RoINE

005 - DATE AND TIME OF LATEST TRANSACTION

  • control field: 20140422142810.0

008 - FIXED-LENGTH DATA ELEMENTS

  • fixed length control field: 140422|| aca||aabn | a|a d

040 ## - CATALOGING SOURCE

  • Original cataloging agency: IT-RoINE
  • Transcribing agency: IT-RoINE

100 ## - HEADING--PERSONAL NAME

  • Personal name: Gamo, Mariano,
  • Dates associated with a name: 1931-
  • General subdivision: Biografía

670 ## - SOURCE DATA FOUND

  • Source citation: Work cat.: (IT-RoINE)0: Delgado de la Rosa, Juan Antonio, 1965- 6499, Mariano Gamo, testigo de la transición :, 2012.